El Terrigenismo: opción y militancia en la cultura ecuatoriana
Enregistré dans:
| Auteur principal: | |
|---|---|
| Format: | Texte |
| Publié: |
Quito
|
| Tags: |
Ajouter un tag
Pas de tags, Soyez le premier à ajouter un tag!
|
MARC
| LEADER | 00000 a a2200000 04500 | ||
|---|---|---|---|
| 001 | 24378 | ||
| 003 | |||
| 040 | |||
| 090 | |a 172800 | ||
| 100 | |a Silva Charvet, Erika | ||
| 245 | |a El Terrigenismo: opción y militancia en la cultura ecuatoriana | ||
| 260 | |a Quito | ||
| 300 | |a pp. 217-282 | ||
| 500 | |a Separata de Revista Cultura, vol. III, n° 9 | ||
| 999 | |c 4212 |d 4212 | ||
